[Event "FIDE WCh KO"]
[Site "Moscow RUS"]
[Date "2001.11.28"]
[Round "1.2"]
[White "Ivanchuk,V"]
[Black "Shovunov,B"]
[Result "1-0"]
[WhiteElo "2731"]
[BlackElo "2353"]
[EventDate "2001.11.28"]

1. d4 Nf6 2. c4 c5 3. d5 b5 4. cxb5 a6 5. e3 g6 6. Nc3 Bg7 7. e4 d6 8. Nf3
O-O 9. a4 Bd7 10. Bd2 Qc7 11. Be2 Rc8 12. O-O Be8 13. Re1 Qb7 14. e5 dxe5
15. Nxe5 axb5 16. axb5 Rxa1 17. Qxa1 Nxd5 18. Bf3 e6 19. Nc4 Rd8 20. Bg5 f6
21. Rxe6 Bf7 22. Rd6 Rxd6 23. Nxd6 Qe7 24. Bxd5 Kf8 25. Bf4 1-0

[Event "FIDE WCh KO"]
[Site "Moscow RUS"]
[Date "2001.11.28"]
[Round "1.2"]
[White "Cabrera,A"]
[Black "Gelfand,B"]
[Result "0-1"]
[WhiteElo "2440"]
[BlackElo "2701"]
[EventDate "2001.11.28"]

1. e4 c5 2. Nc3 e6 3. Nf3 a6 4. g3 Nc6 5. Bg2 d6 6. O-O Nf6 7. d3 Be7 8. h3
d5 9. exd5 exd5 10. d4 cxd4 11. Nxd4 h6 12. Be3 O-O 13. Nxc6 bxc6 14. Na4
Rb8 15. b3 Bf5 16. Qe2 a5 17. Rfe1 Re8 18. Rad1 Qc8 19. Kh2 Bd6 20. c4 Bb4
21. Rg1 Qe6 22. c5 Ba3 23. Qd2 Be4 24. Qxa5 Bxg2 25. Rxg2 Ne4 26. Rgg1 Bb4
27. Qa6 Bc3 28. Qd3 Be5 29. f4 Bf6 30. Rg2 h5 31. Bc1 h4 32. gxh4 Bxh4 33.
Qf3 Bf6 34. Qg4 Qxg4 35. hxg4 g5 36. Rd3 Kg7 37. Rc2 Rh8+ 0-1

[Event "FIDE WCh KO"]
[Site "Moscow RUS"]
[Date "2001.11.28"]
[Round "1.2"]
[White "Karpov,An"]
[Black "Zhang Pengxiang"]
[Result "1/2-1/2"]
[WhiteElo "2692"]
[BlackElo "2530"]
[EventDate "2001.11.28"]

1. Nf3 d5 2. d4 Nf6 3. c4 c6 4. e3 Bf5 5. Nc3 e6 6. Nh4 Be4 7. f3 Bg6 8.
Qb3 Qc7 9. g3 Nbd7 10. Bd2 Be7 11. Rc1 Nb6 12. c5 Nbd7 13. Nxg6 hxg6 14.
Qc2 e5 15. Kf2 g5 16. Be2 g6 17. b4 Kf8 18. Kg2 Kg7 19. Nd1 e4 20. Nf2
exf3+ 21. Bxf3 g4 22. Nxg4 Nxg4 23. Bxg4 f5 24. Bf3 Nf6 25. a4 Qd7 26. b5
g5 27. Rcf1 Raf8 28. h3 g4 29. hxg4 fxg4 30. Be2 Rxh1 31. Rxh1 Ne4 32. Be1
Qf5 33. bxc6 bxc6 34. Rf1 Qh5 35. Rxf8 Qh3+ 36. Kg1 Qxg3+ 37. Kf1 Bxf8
1/2-1/2

[Event "FIDE WCh KO"]
[Site "Moscow RUS"]
[Date "2001.11.28"]
[Round "1.2"]
[White "Polgar,Ju"]
[Black "Al Modiahki,M"]
[Result "1-0"]
[WhiteElo "2686"]
[BlackElo "2506"]
[EventDate "2001.11.28"]

1. e4 c5 2. Nf3 e6 3. d4 cxd4 4. Nxd4 Nf6 5. Nc3 Nc6 6. Ndb5 Bb4 7. a3 d5
8. exd5 exd5 9. Bd3 O-O 10. O-O d4 11. Ne4 Ng4 12. Bf4 f5 13. Ng5 h6 14.
Bc4+ Kh8 15. Nf7+ Rxf7 16. Bxf7 g5 17. f3 Nf6 18. Bg3 f4 19. Bf2 Bf5 20.
Qd2 Qd6 21. Rad1 Rd8 22. Bc4 a6 23. Bd3 Be6 24. Rfe1 1-0

[Event "FIDE WCh KO"]
[Site "Moscow RUS"]
[Date "2001.11.28"]
[Round "1.2"]
[White "Grischuk,A"]
[Black "Ghaem Maghami,E"]
[Result "1-0"]
[WhiteElo "2666"]
[BlackElo "2513"]
[EventDate "2001.11.28"]

1. e4 c5 2. Nf3 d6 3. d4 cxd4 4. Nxd4 Nf6 5. Nc3 a6 6. f3 Qb6 7. g4 Nc6 8.
Nb3 e6 9. Qe2 Qc7 10. Be3 b5 11. O-O-O Bb7 12. h4 Rc8 13. g5 Nd7 14. Qf2
Nce5 15. a3 Qd8 16. h5 Rxc3 17. Kb1 Bd5 18. Rxd5 exd5 19. h6 g6 20. f4 Nc4
21. Qf3 1-0

[Event "FIDE WCh KO"]
[Site "Moscow RUS"]
[Date "2001.11.28"]
[Round "1.2"]
[White "Timoshenko,G"]
[Black "Delchev,A"]
[Result "1/2-1/2"]
[WhiteElo "2555"]
[BlackElo "2634"]
[EventDate "2001.11.28"]

1. e4 e5 2. Nf3 Nc6 3. Bb5 a6 4. Ba4 Nf6 5. O-O Be7 6. Re1 b5 7. Bb3 d6 8.
c3 O-O 9. h3 Na5 10. Bc2 c5 11. d4 Qc7 12. Nbd2 Rd8 13. b3 exd4 14. Bb2 Nc6
15. Rc1 Qb6 16. Bb1 Bb7 17. Nf1 d5 18. exd5 Nxd5 19. Nxd4 1/2-1/2

[Event "FIDE WCh KO"]
[Site "Moscow RUS"]
[Date "2001.11.28"]
[Round "1.2"]
[White "Yermolinsky,A"]
[Black "Milov,V"]
[Result "0-1"]
[WhiteElo "2577"]
[BlackElo "2602"]
[EventDate "2001.11.28"]

1. d4 Nf6 2. c4 g6 3. Nc3 Bg7 4. e4 d6 5. Nf3 O-O 6. Be2 Na6 7. O-O e5 8.
Re1 Qe8 9. b3 Nc5 10. Ba3 Ncxe4 11. Qc2 Nc5 12. Rad1 a5 13. h3 Bf5 14. Qc1
0-1

[Event "FIDE WCh KO"]
[Site "Moscow RUS"]
[Date "2001.11.28"]
[Round "1.2"]
[White "Ivanov,AV"]
[Black "Pigusov,E"]
[Result "1/2-1/2"]
[WhiteElo "2586"]
[BlackElo "2613"]
[EventDate "2001.11.28"]

1. e4 c5 2. Nf3 Nc6 3. d4 cxd4 4. Nxd4 g6 5. Nc3 Bg7 6. Be3 Nf6 7. Bc4 O-O
8. Bb3 d6 9. f3 Be6 10. Qd2 Rc8 11. Nd5 Bxd5 12. exd5 a5 13. c3 Qd7 14. a4
b5 15. O-O Qb7 16. axb5 Qxb5 17. Ra3 a4 18. c4 Qb7 19. Ba2 Ra8 20. Re1 Rfb8
21. Re2 Nh5 22. g4 Bxd4 23. Qxd4 Nf6 24. Kg2 Qa7 25. Qd2 Rb7 26. b4 Qb6 27.
b5 Qc5 28. Rc3 Raa7 29. h4 h5 30. gxh5 Nxh5 1/2-1/2

[Event "FIDE WCh KO"]
[Site "Moscow RUS"]
[Date "2001.11.28"]
[Round "1.2"]
[White "Khenkin,I"]
[Black "Asrian,K"]
[Result "1/2-1/2"]
[WhiteElo "2572"]
[BlackElo "2604"]
[EventDate "2001.11.28"]

1. d4 d5 2. c4 e6 3. Nc3 c6 4. e3 Nf6 5. Nf3 Nbd7 6. Bd3 dxc4 7. Bxc4 b5 8.
Bd3 Bb7 9. O-O a6 10. e4 c5 11. d5 c4 12. Bc2 Qc7 13. Nd4 Nc5 14. Be3 O-O-O
15. Qe2 e5 16. Nf3 Ne6 17. Rad1 1/2-1/2

[Event "FIDE WCh KO"]
[Site "Moscow RUS"]
[Date "2001.11.28"]
[Round "1.2"]
[White "Gyimesi,Z"]
[Black "Conquest,S"]
[Result "1/2-1/2"]
[WhiteElo "2605"]
[BlackElo "2601"]
[EventDate "2001.11.28"]

1. d4 Nf6 2. c4 e6 3. Nf3 b6 4. g3 Ba6 5. b3 Bb7 6. Bg2 Bb4+ 7. Bd2 a5 8.
O-O O-O 9. Qc2 d6 10. a3 Bxd2 11. Nbxd2 Nbd7 12. e4 e5 13. d5 c6 14. Rfc1
Ng4 15. Bh3 Nh6 16. b4 Kh8 17. Qd3 Qe7 18. Qe3 c5 19. Rab1 axb4 20. axb4
Ra7 21. bxc5 bxc5 22. Ra1 Rfa8 23. Qc3 Bc8 24. Nb3 Qd8 1/2-1/2

[Event "FIDE WCh KO"]
[Site "Moscow RUS"]
[Date "2001.11.28"]
[Round "1.2"]
[White "Fedorov,Alex"]
[Black "Anastasian,A"]
[Result "1/2-1/2"]
[WhiteElo "2599"]
[BlackElo "2588"]
[EventDate "2001.11.28"]

1. e4 e6 2. d4 d5 3. Nc3 dxe4 4. Nxe4 Nd7 5. Bd3 Ngf6 6. Qe2 c5 7. Nxf6+
Nxf6 8. Bg5 Qa5+ 9. Bd2 Qb6 10. O-O-O cxd4 11. Nf3 Be7 12. Ne5 O-O 13. Bg5
Qc5 14. h4 Rd8 15. Rh3 Bd7 16. Rg3 Be8 17. Bh6 Bf8 18. h5 Kh8 19. Bg5 Nd5
20. Bxd8 Rxd8 21. Kb1 Bd6 22. Re1 f5 23. h6 g6 24. Rf3 Nf6 25. Nxg6+ Bxg6
26. Qxe6 Ng8 27. Qb3 Qb4 28. Qxb4 Bxb4 29. Rh1 Ne7 30. Bc4 Bd2 31. Rb3 b6
32. g3 Nc6 33. Rb5 Re8 34. a3 Ne5 35. Bb3 f4 36. gxf4 Bxf4 37. Rh4 Bg5 38.
Rxd4 Nf3 39. Rd7 Bxh6 40. Rxa7 Bf8 41. Ka2 Bc5 42. Ba4 Rf8 43. Rxc5 bxc5
44. Rc7 h5 45. Rxc5 h4 46. Bd7 Nd4 47. a4 Rf3 48. a5 Nxc2 49. Rc3 Rxf2 50.
Kb3 Nd4+ 51. Ka3 Nc2+ 52. Ka4 Rf4+ 53. Kb5 Rb4+ 54. Kc5 Rxb2 55. Rc4 Bd3
56. Rxh4+ Kg7 57. Rh3 Nb4 58. Bb5 Na6+ 59. Bxa6 Bxa6 60. Kc6 Rb5 61. Ra3
Kf6 62. Ra1 Ke5 63. Rc1 Rxa5 64. Rc4 1/2-1/2

[Event "FIDE WCh KO"]
[Site "Moscow RUS"]
[Date "2001.11.28"]
[Round "1.2"]
[White "Eingorn,V"]
[Black "Sasikiran,K"]
[Result "1/2-1/2"]
[WhiteElo "2601"]
[BlackElo "2569"]
[EventDate "2001.11.28"]

1. c4 e5 2. Nc3 Nf6 3. e3 Bb4 4. Qc2 O-O 5. a3 Bxc3 6. Qxc3 Re8 7. b4 a5 8.
b5 d6 9. d3 c6 10. bxc6 bxc6 11. Nf3 c5 12. Be2 Nc6 13. O-O Rb8 14. Nd2 Bf5
15. Bf3 Rb6 16. Bxc6 Rxc6 17. e4 Bd7 18. f4 exf4 19. Bb2 Rb6 20. Rxf4 Qb8
21. Rxf6 gxf6 22. Ra2 Re6 23. Nf1 Rb3 24. Qd2 d5 25. cxd5 Reb6 26. Bc3 Rb1
27. Ra1 Rxa1 28. Bxa1 Qd6 29. Qf2 Bb5 30. Qe3 Ba6 31. Nd2 a4 32. Bc3 Kf8
33. h3 Ke7 34. Kf2 Kd7 35. Qf3 Kc8 36. Ke2 Kb7 37. Kd1 Ka8 38. Kc2 c4 39.
dxc4 Qxa3 40. Bd4 Qa2+ 41. Kd1 Rb1+ 42. Nxb1 Qxb1+ 43. Kd2 Qa2+ 44. Ke3
Qxc4 45. Qxf6 Qc1+ 46. Kf3 Qe1 1/2-1/2

[Event "FIDE WCh KO"]
[Site "Moscow RUS"]
[Date "2001.11.28"]
[Round "1.2"]
[White "Goldin,A"]
[Black "Nielsen,PH"]
[Result "1/2-1/2"]
[WhiteElo "2612"]
[BlackElo "2620"]
[EventDate "2001.11.28"]

1. d4 Nf6 2. c4 e6 3. Nf3 d5 4. Nc3 dxc4 5. e4 Bb4 6. Bg5 c5 7. e5 h6 8.
exf6 hxg5 9. fxg7 Rg8 10. dxc5 Qxd1+ 11. Rxd1 Rxg7 12. Bxc4 Nc6 13. O-O
Bxc5 14. Ne4 Be7 15. g4 Bd7 16. Nd6+ Bxd6 17. Rxd6 Ke7 18. Rfd1 Be8 19.
R6d2 Rc8 20. Re1 Rg8 21. a3 Kf6 22. Ba2 Ne7 23. Ne5 Ng6 24. Nxg6 Rxg6 25.
Bb1 Rh6 26. Be4 b6 27. Kg2 1/2-1/2

[Event "FIDE WCh Women KO"]
[Site "Moscow RUS"]
[Date "2001.11.28"]
[Round "1.2"]
[White "Kovalevskaya,E"]
[Black "Paridar,S"]
[Result "1-0"]
[WhiteElo "2486"]
[BlackElo "2071"]
[EventDate "2001.11.28"]

1. e4 c5 2. d3 Nc6 3. g3 d6 4. Bg2 g6 5. f4 Bg7 6. Nf3 e6 7. O-O Nge7 8. c3
O-O 9. Be3 b6 10. Bf2 Rb8 11. Re1 d5 12. e5 Ba6 13. a3 Rc8 14. b4 Nb8 15.
Qd2 Qc7 16. Ra2 Rfd8 17. Rb2 Qd7 18. g4 Rc7 19. Bh4 Qb5 20. Bf1 Qc6 21. Qf2
Rdc8 22. Bf6 Qe8 23. Qh4 h6 24. b5 Bb7 25. Nbd2 Kf8 26. Bh3 Ng8 27. Bxg7+
Kxg7 28. f5 Qd8 29. f6+ Kf8 30. g5 h5 31. Qf4 Qd7 32. Ra1 Re8 33. a4 Qd8
34. a5 Nd7 35. axb6 axb6 36. c4 d4 37. Ne4 Bxe4 38. Qxe4 Nb8 39. Ra8 Qc8
40. Rba2 Qd7 41. Bg2 Rd8 42. Nd2 Qe8 43. Qe1 Nd7 44. Bc6 1-0

[Event "FIDE WCh Women KO"]
[Site "Moscow RUS"]
[Date "2001.11.28"]
[Round "1.2"]
[White "Chaves,Joa"]
[Black "Wang Pin"]
[Result "1/2-1/2"]
[WhiteElo "2079"]
[BlackElo "2498"]
[EventDate "2001.11.28"]

1. e4 c5 2. Nc3 Nc6 3. f4 e6 4. Nf3 a6 5. g3 d5 6. d3 Nf6 7. e5 Nd7 8. Bg2
Be7 9. a4 Rb8 10. O-O b5 11. axb5 axb5 12. Kh1 b4 13. Ne2 O-O 14. Be3 Qb6
15. Qe1 Bb7 16. g4 Ra8 17. Qg3 Rxa1 18. Rxa1 Rd8 19. Rf1 1/2-1/2

[Event "FIDE WCh Women KO"]
[Site "Moscow RUS"]
[Date "2001.11.28"]
[Round "1.2"]
[White "Xu Yuhua"]
[Black "Arouche,F"]
[Result "1-0"]
[WhiteElo "2485"]
[BlackElo "2077"]
[EventDate "2001.11.28"]

1. e4 c5 2. Nf3 Nc6 3. d4 cxd4 4. Nxd4 g6 5. c4 Bg7 6. Be3 Nf6 7. Nc3 O-O
8. Be2 d6 9. O-O a5 10. Qd2 Bg4 11. h3 Nxd4 12. Bxd4 Be6 13. b3 Qd7 14.
Rfd1 Qc6 15. Rac1 Rfc8 16. Na4 Rab8 17. c5 dxc5 18. Rxc5 Qe8 1-0

[Event "FIDE WCh Women KO"]
[Site "Moscow RUS"]
[Date "2001.11.28"]
[Round "1.2"]
[White "Maggiolo,E"]
[Black "Zhu Chen"]
[Result "1/2-1/2"]
[WhiteElo "2090"]
[BlackElo "2497"]
[EventDate "2001.11.28"]

1. e4 c5 2. c3 d5 3. exd5 Qxd5 4. d4 Nc6 5. Nf3 Bg4 6. Be2 cxd4 7. cxd4 e6
8. O-O Nf6 9. h3 Bh5 10. Nc3 Qa5 11. a3 Bd6 12. Qb3 Bxf3 13. Bxf3 Nxd4 14.
Qd1 Nxf3+ 15. Qxf3 Rb8 16. Rd1 Be5 17. Bf4 Bxf4 18. Qxf4 O-O 19. Rd6 a6 20.
Rb1 h6 21. Qd4 Rbc8 22. Qd3 Qc5 23. Qf3 Rc7 24. Qf4 Rc6 25. Rd8 Rc8 26. Rd6
Rc6 27. Rd8 1/2-1/2

[Event "FIDE WCh Women KO"]
[Site "Moscow RUS"]
[Date "2001.11.28"]
[Round "1.2"]
[White "Ioseliani,N"]
[Black "Groberman,E"]
[Result "1/2-1/2"]
[WhiteElo "2497"]
[BlackElo "2103"]
[EventDate "2001.11.28"]

1. g3 Nf6 2. Bg2 g6 3. e4 d6 4. d4 Bg7 5. Nc3 O-O 6. Nge2 Nbd7 7. O-O c5 8.
h3 Rb8 9. Be3 b6 10. Qd2 Bb7 11. Bh6 cxd4 12. Nxd4 Rc8 13. Bxg7 Kxg7 14. e5
dxe5 15. Bxb7 exd4 16. Qxd4 Nc5 17. Qxd8 Rcxd8 18. Bg2 Rd2 19. Rac1 Rfd8
20. Rfe1 R8d7 21. Nb1 R2d6 22. Nc3 Rd2 23. Nb1 R2d6 24. Nc3 Ne6 25. Kf1 Nd4
26. Ne2 Ne6 27. Nc3 h5 28. Red1 Nd4 29. Ne2 Nxc2 30. Rxd6 Rxd6 31. a3 e5
32. Nc3 Nd4 33. Re1 Nd7 34. a4 f6 35. Ne4 Rc6 36. Nc3 Rc4 37. Bd5 Rc7 38.
f4 Nc2 39. Re2 Nb4 40. Bf3 exf4 41. gxf4 Nd3 42. Re7+ Kf8 43. Nd5 Rc1+ 44.
Ke2 Re1+ 45. Kxd3 f5 46. b4 g5 1/2-1/2

[Event "FIDE WCh Women KO"]
[Site "Moscow RUS"]
[Date "2001.11.28"]
[Round "1.2"]
[White "Phan Koshnitsky,N"]
[Black "Skripchenko,A"]
[Result "0-1"]
[WhiteElo "2182"]
[BlackElo "2497"]
[EventDate "2001.11.28"]

1. d4 d5 2. c4 dxc4 3. Nf3 a6 4. a4 Nf6 5. e3 e6 6. Bxc4 c5 7. O-O Nc6 8.
Qe2 Be7 9. Rd1 O-O 10. Nc3 Nd5 11. Bd3 Ndb4 12. Bb1 b6 13. Ne5 Bb7 14. Qh5
f6 15. Nd3 0-1

[Event "FIDE WCh Women KO"]
[Site "Moscow RUS"]
[Date "2001.11.28"]
[Round "1.2"]
[White "Shah,P"]
[Black "Stefanova,A"]
[Result "1/2-1/2"]
[WhiteElo "2172"]
[BlackElo "2473"]
[EventDate "2001.11.28"]

1. e4 e5 2. Bc4 Nf6 3. d3 c6 4. Nf3 Be7 5. Nc3 d6 6. h3 Nbd7 7. O-O b5 8.
Bb3 Nc5 9. Ne2 O-O 10. c3 Nxb3 11. axb3 Re8 12. Bd2 a5 13. b4 Bd7 14. bxa5
Rxa5 1/2-1/2

[Event "FIDE WCh Women KO"]
[Site "Moscow RUS"]
[Date "2001.11.28"]
[Round "1.2"]
[White "Maric,A"]
[Black "Levushkina,E"]
[Result "1/2-1/2"]
[WhiteElo "2457"]
[BlackElo "2280"]
[EventDate "2001.11.28"]

1. Nf3 d5 2. d4 Nf6 3. c4 dxc4 4. e3 e6 5. Bxc4 c5 6. O-O a6 7. dxc5 Qxd1
8. Rxd1 Bxc5 9. Be2 Nbd7 10. Nbd2 b6 11. b3 Bb7 12. Bb2 O-O 13. Nc4 Rfd8
14. Nfe5 Nxe5 15. Nxe5 Rac8 16. Rxd8+ Rxd8 17. Rd1 Rxd1+ 18. Bxd1 Kf8 19.
Bf3 Bxf3 20. Nxf3 Ke7 21. Kf1 g6 22. Ne5 Nd5 23. e4 Nf6 24. Nc6+ Kd6 25.
Bxf6 Kxc6 26. Ke2 Kb5 27. Bc3 Bb4 28. Be5 Bc5 29. Bc3 Bb4 30. Be5 Bc5
1/2-1/2

[Event "FIDE WCh Women KO"]
[Site "Moscow RUS"]
[Date "2001.11.28"]
[Round "1.2"]
[White "Kouvatsou,M"]
[Black "Bojkovic,N"]
[Result "0-1"]
[WhiteElo "2234"]
[BlackElo "2452"]
[EventDate "2001.11.28"]

1. e4 c5 2. c3 d5 3. exd5 Qxd5 4. d4 Nf6 5. Nf3 Bg4 6. Be2 e6 7. O-O Nc6 8.
h3 Bh5 9. Be3 cxd4 10. cxd4 Bd6 11. Nc3 Qa5 12. a3 O-O 13. Qb3 Ne7 14. Bd2
Bxf3 15. Bxf3 Nf5 16. Be3 0-1

[Event "FIDE WCh Women KO"]
[Site "Moscow RUS"]
[Date "2001.11.28"]
[Round "1.2"]
[White "Stepovaia Dianchenko,T"]
[Black "Mohota,N"]
[Result "1-0"]
[WhiteElo "2435"]
[BlackElo "2262"]
[EventDate "2001.11.28"]

1. e4 d5 2. exd5 Qxd5 3. Nc3 Qa5 4. Be2 Nf6 5. Nf3 c6 6. O-O Bg4 7. h3 Bh5
8. b4 Qc7 9. b5 e6 10. bxc6 bxc6 11. d4 Bb4 12. Na4 Nbd7 13. c4 Be7 14. Be3
O-O 15. Nc3 Rab8 16. Qc1 Qa5 17. c5 Nd5 18. Nxd5 exd5 19. a4 Rfe8 20. Bd2
Qd8 21. Re1 Bxf3 22. Bxf3 Bf6 23. Rxe8+ Qxe8 24. Qc3 Nf8 25. Bf4 Ne6 26.
Bxb8 Bxd4 27. Qb4 Bxa1 28. Bxa7 Be5 29. a5 Qa8 30. Bb6 Nd4 31. Bd1 g5 32.
Qd2 f6 33. g3 Nb5 34. Be2 Nc3 35. Bd3 Bd4 36. a6 Qb8 37. Kg2 Kg7 38. a7 Qb7
39. Qe1 Kf7 40. Bf5 1-0

[Event "FIDE WCh Women KO"]
[Site "Moscow RUS"]
[Date "2001.11.28"]
[Round "1.2"]
[White "Aarthie,R"]
[Black "Khurtsidze,N"]
[Result "1/2-1/2"]
[WhiteElo "2301"]
[BlackElo "2425"]
[EventDate "2001.11.28"]

1. e4 c5 2. Nf3 d6 3. d4 cxd4 4. Nxd4 Nf6 5. Nc3 Nc6 6. Bc4 e6 7. Be3 a6 8.
Qe2 Qc7 9. Bb3 Be7 10. O-O-O Na5 11. Kb1 b5 12. f3 Nxb3 13. cxb3 Nd7 14. g4
b4 15. Na4 Nc5 16. Rc1 Qb7 17. Nxc5 dxc5 18. Nc2 Bd7 19. Bf4 Bb5 20. Qf2
O-O 21. g5 a5 22. h4 a4 23. bxa4 1/2-1/2

[Event "FIDE WCh Women KO"]
[Site "Moscow RUS"]
[Date "2001.11.28"]
[Round "1.2"]
[White "Kosteniuk,A"]
[Black "Shahade,J"]
[Result "1-0"]
[WhiteElo "2455"]
[BlackElo "2295"]
[EventDate "2001.11.28"]

1. e4 c5 2. Nf3 d6 3. d4 Nf6 4. Nc3 cxd4 5. Nxd4 a6 6. Bg5 e6 7. f4 Be7 8.
Qf3 Nbd7 9. O-O-O Qc7 10. g4 b5 11. f5 Ne5 12. Qh3 O-O 13. Qh6 Kh8 14. Rg1
Rg8 15. Rg3 Bd7 16. Rh3 Qd8 17. Nce2 1-0

[Event "FIDE WCh Women KO"]
[Site "Moscow RUS"]
[Date "2001.11.28"]
[Round "1.2"]
[White "Zatonskih,A"]
[Black "Li Ruofan"]
[Result "1/2-1/2"]
[WhiteElo "2419"]
[BlackElo "2341"]
[EventDate "2001.11.28"]

1. e4 c5 2. d3 Nc6 3. g3 g6 4. Bg2 Bg7 5. f4 d6 6. Nf3 e6 7. O-O Nge7 8. c3
O-O 9. Be3 b6 10. a4 Ba6 11. Bf2 Rc8 12. Na3 Qd7 13. Rb1 f5 14. Re1 Bb7 15.
Nc4 e5 16. exf5 exf4 17. gxf4 Nxf5 18. Ng5 d5 19. Ne3 Nxe3 20. Rxe3 d4 21.
Qb3+ Kh8 22. Rh3 h6 23. Qe6 Qxe6 24. Nxe6 Rf7 25. Nxg7 Kxg7 26. Bxc6 Rxc6
27. cxd4 Rxf4 28. dxc5 bxc5 29. Re3 Rb4 30. Be1 Rg4+ 31. Bg3 Rb6 32. Rf1 h5
33. Rf4 Rxf4 34. Bxf4 Kf6 35. Be5+ Kf5 36. Bc3 Rc6 37. Re7 Ba6 38. Rf7+ Kg4
39. Rf6 Rxf6 40. Bxf6 Bxd3 41. a5 a6 42. Be7 c4 43. Bf6 g5 44. Bd8 Bf5 45.
Be7 Kf4 46. Bd8 g4 47. Be7 Ke4 48. Kf2 Kd5 49. Kg3 Kc6 50. Bf6 Kb5 51. Bc3
Ka4 52. Kh4 Bg6 53. h3 Bf5 54. hxg4 hxg4 55. Kg3 Bd7 56. Kf2 Be6 57. Kg3
1/2-1/2

[Event "FIDE WCh Women KO"]
[Site "Moscow RUS"]
[Date "2001.11.28"]
[Round "1.2"]
[White "Lagvilava,G"]
[Black "Gaponenko,I"]
[Result "0-1"]
[WhiteElo "2326"]
[BlackElo "2409"]
[EventDate "2001.11.28"]

1. e4 c5 2. Nf3 d6 3. Bc4 Nf6 4. d3 Nc6 5. c3 g6 6. Bb3 Bg7 7. O-O Rf8 8.
Re1 Bg4 9. h3 Bxf3 10. Qxf3 b5 11. Nd2 a5 12. a4 b4 13. Nc4 Nd7 14. Bd2 Rb8
15. Rab1 Nde5 16. Nxe5 Nxe5 17. Qe2 Qc7 18. f4 bxc3 19. bxc3 0-1

[Event "FIDE WCh Women KO"]
[Site "Moscow RUS"]
[Date "2001.11.28"]
[Round "1.2"]
[White "Peng Zhaoqin"]
[Black "Arribas,M"]
[Result "1-0"]
[WhiteElo "2443"]
[BlackElo "2287"]
[EventDate "2001.11.28"]

1. d4 Nf6 2. Nf3 d6 3. c4 c5 4. Nc3 cxd4 5. Nxd4 g6 6. e4 Bg7 7. Be2 Nc6 8.
Nc2 Be6 9. O-O O-O 10. Be3 Ne5 11. b3 Qa5 12. Bd2 Rfc8 13. Rc1 a6 14. Nd4
Bd7 15. h3 Qd8 16. Be3 Nd5 17. Nf3 h6 18. Nxd5 1-0

[Event "FIDE WCh Women KO"]
[Site "Moscow RUS"]
[Date "2001.11.28"]
[Round "1.2"]
[White "Galianina Ryjanova,J"]
[Black "Grabuzova,T"]
[Result "1/2-1/2"]
[WhiteElo "2320"]
[BlackElo "2399"]
[EventDate "2001.11.28"]

1. d4 d6 2. c4 e5 3. Nf3 e4 4. Ng5 f5 5. Nc3 c6 6. Nh3 Na6 7. Bg5 Qd7 8. e3
h6 9. Bh4 g5 10. Bg3 Nf6 11. Be2 Nc7 12. Ng1 Qe7 13. d5 c5 14. h4 g4 15.
Bf1 Nh5 16. Nge2 Bg7 17. Qd2 Bd7 18. Nf4 Nxf4 19. Bxf4 Rb8 20. a4 a6 21.
Be2 Be5 1/2-1/2

[Event "FIDE WCh Women KO"]
[Site "Moscow RUS"]
[Date "2001.11.28"]
[Round "1.2"]
[White "Zielinska,Mar"]
[Black "Gaprindashvili,N"]
[Result "1-0"]
[WhiteElo "2405"]
[BlackElo "2349"]
[EventDate "2001.11.28"]

1. d4 d5 2. c4 e6 3. Nc3 Nf6 4. Nf3 Be7 5. cxd5 exd5 6. Bf4 O-O 7. e3 c5 8.
Be2 Nc6 9. O-O Ne4 10. Rb1 Nxc3 11. bxc3 c4 12. e4 dxe4 13. Nd2 Be6 14.
Bxc4 Bxc4 15. Nxc4 Na5 16. Ne3 Qd7 17. Qh5 f5 18. f3 g6 19. Qh3 exf3 20.
Qxf3 Rad8 21. Bh6 Rf7 22. Rfe1 Bf6 23. g4 fxg4 24. Qxg4 Bg7 25. Bxg7 1-0

[Event "FIDE WCh Women KO"]
[Site "Moscow RUS"]
[Date "2001.11.28"]
[Round "1.2"]
[White "Dworakowska,J"]
[Black "Vijayalakshmi,S"]
[Result "1/2-1/2"]
[WhiteElo "2358"]
[BlackElo "2405"]
[EventDate "2001.11.28"]

1. e4 e5 2. Nf3 Nc6 3. d4 exd4 4. Nxd4 Nf6 5. Nxc6 bxc6 6. e5 Qe7 7. Qe2
Nd5 8. c4 Ba6 9. b3 g5 10. h4 Bg7 11. Bb2 h6 12. Nd2 O-O-O 13. O-O-O Rde8
14. g3 Nb6 15. f4 Bb7 16. hxg5 hxg5 17. Rxh8 Bxh8 18. Nf3 gxf4 19. gxf4 a5
20. Qf2 a4 21. Nd4 f6 22. Nf5 Qd8 23. Bd4 fxe5 24. Bxb6 cxb6 25. Nd6+ Kc7
26. Nxe8+ Qxe8 27. Bh3 d6 28. Qd2 Qe7 29. bxa4 exf4 30. Qxf4 Be5 31. Qg4
Bf6 32. Qe6 Qd8 33. Rf1 Bg5+ 34. Kc2 b5 35. axb5 Qa8 36. b6+ Kxb6 37. Rb1+
Ka7 38. Qxd6 Qg8 39. Qc5+ Ka8 40. Bf5 Bf4 41. Rg1 Qe8 42. Bd3 Qh8 43. Rg2
Bb8 44. Rf2 Qh3 45. Qa3+ Ba7 46. Rf8+ Bc8 47. Qa6 Qh2+ 48. Kd1 Qh1+ 49. Kc2
Qh2+ 50. Kd1 Qg1+ 51. Kc2 1/2-1/2

[Event "FIDE WCh Women KO"]
[Site "Moscow RUS"]
[Date "2001.11.28"]
[Round "1.2"]
[White "Shumiakina,T"]
[Black "Danielian,E"]
[Result "0-1"]
[WhiteElo "2371"]
[BlackElo "2373"]
[EventDate "2001.11.28"]

1. d4 d5 2. c4 dxc4 3. Nf3 Nf6 4. e3 e6 5. Bxc4 c5 6. O-O a6 7. Bb3 Be7 8.
dxc5 Qxd1 9. Rxd1 Bxc5 10. Nc3 b5 11. Bd2 Bb7 12. Rac1 Nbd7 13. a4 b4 14.
Ne2 Ke7 15. a5 Rhc8 16. Ned4 Rab8 17. Be1 g6 18. Bc4 Bd6 19. Bxa6 Rxc1 20.
Rxc1 Bxa6 21. Nc6+ Ke8 22. Nxb8 Nxb8 23. Nd4 Kd7 24. Nb3 Nc6 25. f4 Ne4 26.
g3 Ne7 27. Bf2 Nd5 28. Nd4 Nc5 29. Rd1 Nf6 30. Nf3 Nd3 31. Kg2 Ke7 32. h3
e5 0-1

[Event "FIDE WCh Women KO"]
[Site "Moscow RUS"]
[Date "2001.11.28"]
[Round "1.2"]
[White "Paehtz,E"]
[Black "Radziewicz,I"]
[Result "1/2-1/2"]
[WhiteElo "2392"]
[BlackElo "2387"]
[EventDate "2001.11.28"]

1. e4 c5 2. Nf3 g6 3. d4 Bg7 4. dxc5 Qa5+ 5. c3 Qxc5 6. Na3 d6 7. Nb5 a6 8.
Be3 Qc6 9. Na7 Qc7 10. Nxc8 Qxc8 11. Qc2 Nf6 12. Bc4 e6 13. e5 dxe5 1/2-1/2

[Event "FIDE WCh Women KO"]
[Site "Moscow RUS"]
[Date "2001.11.28"]
[Round "1.2"]
[White "Alexandrova,O"]
[Black "Sedina,E"]
[Result "0-1"]
[WhiteElo "2387"]
[BlackElo "2398"]
[EventDate "2001.11.28"]

1. d4 Nf6 2. c4 c6 3. Nc3 d5 4. e3 a6 5. Qc2 g6 6. Bd3 Bg7 7. b3 O-O 8. Bb2
c5 9. dxc5 Qa5 10. a3 dxc4 11. Bxc4 Qxc5 12. Nf3 Nbd7 13. Na4 Qa5+ 14. b4
Qd8 15. Be2 b5 16. Nc5 Nxc5 17. bxc5 Bb7 18. O-O Rc8 19. Rfc1 Be4 20. Qc3
Qd5 21. Qb4 Qa8 22. Bd4 Nd5 23. Qb2 Bxd4 24. Qxd4 Nf6 25. a4 Rfd8 26. Qb4
a5 27. Qxb5 Rd5 28. Rc3 Qa7 29. Rac1 Nd7 30. c6 Rxb5 31. cxd7 Rd8 32. Bxb5
Qxd7 33. Rc4 Bxf3 34. gxf3 Qd5 35. Kg2 Qg5+ 36. Kf1 Qh5 37. Ke2 Qxh2 38.
Rc5 Qd6 39. Rc8 Kg7 40. Ra8 0-1

[Event "FIDE WCh Women KO"]
[Site "Moscow RUS"]
[Date "2001.11.28"]
[Round "1.2"]
[White "Wang Yu"]
[Black "Kiseleva,N"]
[Result "1-0"]
[WhiteElo "2378"]
[BlackElo "2382"]
[EventDate "2001.11.28"]

1. e4 e6 2. d4 d5 3. Nd2 dxe4 4. Nxe4 Nd7 5. Bd3 Ngf6 6. Qe2 Be7 7. Nf3 c5
8. Nxc5 Nxc5 9. dxc5 Bxc5 10. Bg5 O-O 11. O-O-O Qc7 12. Bxf6 Qf4+ 13. Nd2
gxf6 14. Bxh7+ Kg7 15. Bd3 Rh8 16. Kb1 Qxf2 17. Qg4+ Kf8 18. Ne4 f5 19.
Nxf2 fxg4 20. Nxg4 Rg8 21. Nf6 Rxg2 22. h4 Kg7 23. Rdf1 Rf2 24. Rxf2 Bxf2
25. Ng4 Bc5 26. h5 f5 27. h6+ Kh8 28. Ne5 Kh7 29. Bb5 Bd4 30. Nf7 Bf6 31.
Nd6 a6 32. Be8 Be7 33. Nc4 Bf6 34. Nb6 Rb8 35. Bd7 Bxd7 36. Nxd7 Rh8 37.
Nxf6+ Kg6 38. Nd7 f4 39. Kc1 Kf5 40. h7 1-0